History Quiz

Random History or War Quiz

War Bunker Quiz Stats

 Plays Quiz Updated Jun 12, 2017

Also try: Border Bunker
Challenge
Share
Tweet
Embed
Score 0/15 Timer 05:00
9 Plays Today
Question Answer % Correct
????
100%
????
97%
????
90.1%
????
86.7%
????
77%
????
61.6%
????
57.6%
????
43.9%
Question Answer % Correct
????
34%
????
29.8%
????
23.1%
????
16.5%
????
9.7%
????
7.8%
????
5.3%

You're not logged in!

Compare scores with friends on all Sporcle quizzes.
OR
Log In

You Might Also Like...

Show Comments

Extras

Top Quizzes Today


Score Distribution

Your Account Isn't Verified!

In order to create a playlist on Sporcle, you need to verify the email address you used during registration. Go to your Sporcle Settings to finish the process.

Report this User

Report this user for behavior that violates our Community Guidelines.

Details: